Acronymes - 4 lettres - H - Statistiques

Statistiques générales
  • Ce quiz a été pris 26 fois
  • Le résultat moyen est 7 sur 36
Statistiques - réponses
HINT ANSWER % Correct
HDMI High
92%
HIFI HIgh
92%
HDPE High
92%
HVDC High
92%
Definition
50%
Protocol
38%
Transfer
27%
HTTP HyperText
23%
HTML HyperText
23%
FIdelity
19%
Banking
15%
Language
15%
Language
15%
Voltage
15%
Current
12%
Direct
12%
HSBC Hongkong
12%
Shanghai
12%
Corporation
8%
Density
8%
Markup
8%
Protection
8%
File
4%
Interface
4%
Multimedia
4%
Polyéthylène
4%
System
4%
Content
0%
Digital
0%
Européen
0%
Georges-Pompidou
0%
Graphic
0%
HPGL Hewlett-Packard
0%
HDCP High-bandwidth
0%
HPFS High-Performance
0%
HEGP Hôpital
0%
Aucun quiz correspondant
Distribution des résultats
% des personnes avec chaque résultat
Percentile par nombre de réponses
Votre historique - résultats
Vous n’avez pas pris ce quiz